| 000 | 00532nam a2200181 a 4500 | ||
|---|---|---|---|
| 001 | 0448 | ||
| 005 | 20140414131910.0 | ||
| 008 | 040116s19uu xx 00 eng d | ||
| 020 | _a0-307-03045-8 | ||
| 050 |
_aER _bC63 1963 |
||
| 100 | _aKrinsley, Jeanette | ||
| 245 |
_aCow went over the mountain, The / _cJeanette Krinsley ; illustrated by Feodor Rojankovsky. |
||
| 260 |
_aU.S.A : _bLittle Golden Book, _c1963. |
||
| 300 | _a1 v. p. : ill. ; cm. | ||
| 650 |
_aCows _xFiction. |
||
| 650 | _aChildren stories. | ||
| 999 |
_c111183 _d111183 |
||